Fundamentos de la evaluación en la enseñanza
Guardado en:
| Autores principales: | , |
|---|---|
| Formato: | Libro |
| Lenguaje: | español |
| Publicado: |
Ciudad de México
Pax-México
1962
Ciudad de México Librería Carlos Césarman 1962 |
| Materias: | |
| Etiquetas: |
Agregar Etiqueta
Sin Etiquetas, Sea el primero en etiquetar este registro!
|
MARC
| LEADER | 00000nam a2200000 a 4500 | ||
|---|---|---|---|
| 001 | UCZ7611 | ||
| 003 | CL-VaPUC | ||
| 008 | 960105e19620000MX |||||||||||||||||spa|d | ||
| 082 | 0 | 4 | |a 371.26 |b WAN |2 21 |
| 100 | 0 | |a Wandt, Edwin |e author |9 352580 | |
| 700 | 0 | |a Brown, Gerald W |e author |9 352581 | |
| 245 | 1 | 0 | |a Fundamentos de la evaluación en la enseñanza |
| 300 | |a 195 p | ||
| 942 | |c BK | ||
| 945 | |d 19960105 00:00:00 |a lriquelm | ||
| 260 | |a Ciudad de México |b Pax-México |c 1962 | ||
| 260 | |a Ciudad de México |b Librería Carlos Césarman |c 1962 | ||
| 650 | 0 | |a Evaluación de la educación |9 237505 | |
| 650 | 7 | |a TESTS DE PROGRESO ESCOLAR |2 CL-VaPUC |9 339860 | |
| 650 | 0 | |a Rol del docente |9 329733 | |
| 650 | 0 | |a Planificación de la educación |9 307333 | |
| 650 | 0 | |a Alumnos |9 335074 | |
| 650 | 0 | |a Comportamiento |9 308406 | |
| 650 | 7 | |a TESTS DE APTITUD |2 CL-VaPUC |9 327076 | |
| 583 | |a last modification |c 20130413 09:00:09 |k Rodrigo Vera | ||
| 999 | |c 243662 |d 243660 | ||
| 952 | |0 0 |1 0 |4 0 |6 371_260000000000000_WAN_1962_1962 |7 0 |8 P |9 257407 |a BIBEDU |b BIBEDU |c BIBEDU_PB |d 2019-11-19 |i 1612395 |o 371.26 WAN 1962 1962 |p 1612395 |r 2024-01-25 |w 2019-11-19 |y BK |k EDU | ||